书目信息 |
| 题名: |
中国杨柳青木版年画选
|
|
| 作者: | 韩祖音 , 刘见 编著 | |
| 分册: | ||
| 出版信息: | 天津 天津杨柳青画社 1999 |
|
| 页数: | 85页 | |
| 开本: | 26cm | |
| 丛书名: | ||
| 单 册: | ||
| 中图分类: | J227 | |
| 科图分类: | ||
| 主题词: | 杨柳青木版年画--画册--中国 | |
| 电子资源: | ||
| ISBN: | 7-80503-444-3 | |
| 000 | 00646nam0 2200217 45 | |
| 001 | 012000008008 | |
| 005 | 20050112084557.4 | |
| 010 | @a7-80503-444-3@dCNY80.00 | |
| 100 | @a20000214d1999 em y0chiy0121 ea | |
| 101 | 0 | @achi |
| 102 | @aCN@b120000 | |
| 105 | @aa z 001yy | |
| 200 | 1 | @a中国杨柳青木版年画选@Azhong guo yang liu qing mu ban nian hua xuan@f韩祖音,刘见编著@FHan Zu Yin,Liu Jian Bian Zhu |
| 210 | @a天津@c天津杨柳青画社@d1999 | |
| 215 | @a85页@d26cm | |
| 606 | @a杨柳青木版年画@x画册@y中国 | |
| 690 | @aJ227@v4 | |
| 701 | 0 | @a韩祖音@4编著 |
| 701 | 0 | @a刘见@4编著 |
| 801 | 0 | @aCN@bNLC@c20000225 |
| 905 | @b342082@dJ227@e145@f1 | |
| 中国杨柳青木版年画选/韩祖音,刘见编著.-天津:天津杨柳青画社,1999 |
| 85页;26cm |
| ISBN 7-80503-444-3:CNY80.00 |
| ● |
| 相关链接 |
|
|
|
|
正题名:中国杨柳青木版年画选
索取号:J227/145
 
预约/预借
| 序号 | 登录号 | 条形码 | 馆藏地/架位号 | 状态 | 备注 |
| 1 | 0342082 | 203420823 | 第一样本阅览室/ [索取号:J227/145] | 在馆 |